00498nam a2200145Ia 4500008004100000100002900041245013800070260001100208300002100219440003500240521001000275650003200285650001800317650001700335140626s9999 xx 000 0 und d aSommers-Baskin, Arielle. aEvaluating the generalizatbility of a fear deficit in psychopathic African American offenders /cArielle Sommers-Baskin ... [et al.]. cc2011. a120 : 1, page 71 aJournal of Abnormal Psychology aPSYCH aAfrican American offenders. aFear deficit. aPsychopathy.